| 000 | 00408cam a2200169ua 4500 | ||
|---|---|---|---|
| 020 | _c$ 18 | ||
| 041 |
_aeng _h |
||
| 082 |
_a821 _bRIC/SC |
||
| 100 | _aRichards, J A. | ||
| 245 |
_aScreens and other poems / _cJ A Richards. _hTextual Documents |
||
| 260 |
_aLondon : _bRoutledge & Kegan Paul Ltd , _c1961. |
||
| 300 | _a127 ; . | ||
| 365 | _a$ 18 | ||
| 504 | _a | ||
| 942 | _cBK | ||
| 999 |
_c447 _d447 |
||